| 000 | 02845njm a2200493Ia 4500 | ||
|---|---|---|---|
| 001 | 27628 | ||
| 003 | IT-RoPAU | ||
| 005 | 20220918181118.0 | ||
| 008 | 131025s9999 xx 000 0 und d | ||
| 040 | _aIT-RoPAU | ||
| 040 | _cIT-RoPAU | ||
| 041 | _aINGLESE | ||
| 999 |
_c99563 _d99563 |
||
| 999 | _bn.d. | ||
| 100 |
_aAA.VV. _9794 |
||
| 100 |
_eAutore musica _918753 |
||
| 100 |
_gCodice autore musica SPICS: 12000 _9796 |
||
| 245 | _aCocker | ||
| 250 | _a1a ed. | ||
| 260 | _aUSA | ||
| 260 |
_bCAPITOL RECORDS _c1986 [1a Ed.:1986 - Ed. Lingua Orig.: 1986] |
||
| 300 | _aDISCO | ||
| 300 | _c47 minuti (Testo: pag.) | ||
| 500 | _aMusica pop | ||
| 505 | _aShelter Me (6:00) - A To Z (5:00) - Don't You Love Me Anymore (6:00) - Living Without Your Love (5:00) - Don't Drink the Water (4:00) - You Can Leave Your Hat On (5:00) - Heart of the Matter (5:00) - Inner City Blues (6:00) - Love Is On A Fade (5:00) - Heaven (5:00) | ||
| 650 |
_aPOP [DISCHI] _eCodice MATERIA SPICS: 9950 _91001 |
||
| 700 |
_aCocker Joe _gCodice interprete SPICS: 10157 _eInterprete _918754 |
||
| 700 |
_aDi Stefano Nick _gCodice autore musica SPICS: 28387 _eAutore musica _pShelter Me _918755 |
||
| 700 |
_aKimmel Tom _gCodice autore musica SPICS: 22342 _eAutore musica _pA To Z _918756 |
||
| 700 |
_aHammond A. _gCodice autore musica SPICS: 14448 _eAutore musica _pDon't You Love Me Anymore _918757 |
||
| 700 |
_aWarren Dianne _gCodice autore testo/musica SPICS: 28388 _eAutore testo/musica _pDon't You Love Me Anymore _918758 |
||
| 700 |
_aJames D. _gCodice autore musica SPICS: 28389 _eAutore musica _pLiving Without Your Love _918759 |
||
| 700 |
_aBolton M. _gCodice autore testo/musica SPICS: 28390 _eAutore testo/musica _pLiving Without Your Love _918760 |
||
| 700 |
_aRobinson Peter _gCodice autore musica SPICS: 1980 _eAutore musica _pDon't Drink the Water _918761 |
||
| 700 |
_aFeldman R. _gCodice autore testo/musica SPICS: 28391 _eAutore testo/musica _pDon't Drink the Water _918762 |
||
| 700 |
_aNewman Randy _gCodice autore testo/musica SPICS: 8094 _eAutore testo/musica _pYou Can Leave Your Hat On _918763 |
||
| 700 |
_aAerts B. _gCodice autore musica SPICS: 28392 _eAutore musica _pHeart of the Matter _918764 |
||
| 700 |
_aMiller R. _gCodice autore testo/musica SPICS: 28393 _eAutore testo/musica _pHeart of the Matter _918765 |
||
| 700 |
_aNyx J. _gCodice autore musica SPICS: 28394 _eAutore musica _pInner City Blues _918766 |
||
| 700 |
_aGaye Marvin _gCodice autore testo/musica SPICS: 28395 _eAutore testo/musica _pInner City Blues _918767 |
||
| 700 |
_aMorgan Deborah _gCodice autore musica SPICS: 24264 _eAutore musica _pLove Is On A Fade _918768 |
||
| 700 |
_aDavis S.A. _gCodice autore testo/musica SPICS: 28396 _eAutore testo/musica _pLove Is On A Fade _918769 |
||
| 700 |
_aManning Terry _gCodice autore testo/musica SPICS: 28397 _eAutore testo/musica _pHeaven _918770 |
||
| 942 |
_cMD _2ddc |
||